000 00641nam a2200253 a 4500
001 nice12345678
003 IN_TiNIC
005 20260116013921.0
008 050524s1996 dela grp 000 0 eng
020 _a
_c400
082 0 0 _a340.59
_bSID
100 _aSiddiqi, M M
245 _aIncidence of Divorce Among Indian Muslims
260 _aDelhi
_bInstitute of Objective Studies
_c1996
300 _a672p
500 _aincludes index and biblioraphy
505 2 _aIndex
650 _aIslam-Marriage and Family
650 _aIslamic-Law Divorce
700 1 _aSiddiqi, M M
902 _bSRS
942 _cBK
999 _c13096
_d13096